000 00739nam a2200253Ia 4500
005 20250425162725.0
008 250425s9999 xx 000 0 und d
020 _a9789978143278
041 _aspa
043 _aec
082 _a711
110 _aSECRETARIA NACIONAL DE PLANIFICACION Y DESARROLLO
245 0 _aAUTONOMIAS Y ORDENACION TERRITORIAL Y URBANISTICA: MEMORIAS IX SIMPOSIO NACIONAL DE DESARROLLO URBANO Y PLANIFICACIÓN TERRITORIAL
250 _a1A ED.
260 _aCUENCA
260 _aEcuador
_bUNIVERSIDAD DE CUENCA
_c2016
300 _a345
650 _aAUTONOMIA
650 _aDESCENTRALIZACION TERRITORIAL
650 _aORDENACION TERRITORIAL
650 _aURBANISMO
942 _c01
010 _a103228
999 _c235135
_d235135